000 00463nam a22001217a 4500
999 _c21544
_d21544
008 240912b ||||| |||| 00| 0 eng d
100 _aCuntapay-Balganion, Eunice Joy.
_eauthor.
_960812
245 _aKeep the balance /
_cEunice Joy Cuntapay-Balganion.
260 _aPhilippines;
_bPublishers Association of the Philippines, Inc.,
_cJanuary 2020.
300 _aVolume 168, pages 277.
700 _aCuntapay-Balganion, Eunice Joy.
_eauthor.
_960812
942 _2ddc
_cPER